Flags of African countries (Very Hard +) - Statistics

General Stats
  • This quiz has been taken 138 times
    60 since last reset
  • The average score is 47 of 67
Answer Stats
Picture Hint Answer % Correct
Kenya
85%
South Africa
85%
Nigeria
83%
Uganda
83%
Algeria
81%
Burundi
81%
Cameroon
81%
Central African Republic
81%
Chad
81%
Ethiopia
81%
Ghana
81%
Ivory Coast
81%
Somalia
81%
Egypt
79%
Liberia
79%
Libya
79%
Madagascar
79%
Mauritania
79%
Morocco
79%
Niger
79%
Madeira Portugal
79%
Rwanda
79%
Tanzania
79%
Tunisia
79%
Zambia
79%
Djibouti
77%
Equatorial Guinea
77%
Eswatini
77%
Pelagie Islands Italy
77%
Lesotho
77%
Mozambique
77%
Namibia
77%
Seychelles
77%
Botswana
74%
Burkina Faso
74%
Gabon
74%
Mali
74%
Canary Islands Spain
74%
Sudan
74%
Togo
74%
Angola
72%
Democratic Republic of the Congo
72%
Eritrea
72%
Senegal
72%
The Gambia
72%
Zimbabwe
72%
Benin
70%
Cape Verde
70%
Guinea
70%
Malawi
70%
Mauritius
70%
Sierra Leone
70%
South Sudan
70%
Socotra Yemen
70%
Comoros
68%
Guinea-Bissau
66%
São Tomé and Príncipe
66%
Republic of the Congo
64%
Zanzibar
47%
Sahrawi Arab Democratic Republic
45%
Somaliland
45%
Reunion
40%
Mayotte
34%
Saint Helena
34%
Ascension
26%
Tristan da Cunha
23%
French Southern and Antarctic Lands
21%
No matching quizzes found
Score Distribution
Percent of People with Each Score
Percentile by Number Answered
Your Score History
You have not taken this quiz since the last reset